00505 2200193 4500245005200000020002200052250001000074100001600084700001800100700001900118650002600137650001000163005001900173260006500192041001400257084001200271300001900283336000900302 aLANSKAP NEGERI RAWAN BENCANAcAzrul RizkihText a978-602-437-471-6 acet.1 aAzrul Rizki aEbah Suhaebah aMuhammad Rifki aCerita Anak Indonesia aEbook a20241107123819 aJakarta TimurbBadan Pengembangan dan Pembinaan Bahasac2018 aIndonesia a398.209 avii :c61 hlm. atext